Statistics for Top 15 Countries with Covid-19 Cases - 7 June

Click here to take the quiz!

General Stats

  • This quiz has been taken 22 times
  • The average score is 15 of 26

Answer Stats

country% Correct
United Kingdom
100%
United States
100%
Italy
90%
Mexico
90%
Brazil
86%
Russia
86%
Spain
86%
France
81%
Germany
76%
India
76%
Sweden
76%
Iran
67%
Ireland
57%
Turkey
57%
Saudi Arabia
48%
Belgium
43%
Chile
38%
Chile
38%
Peru
38%
Bahrain
29%
Kuwait
29%
United Arab Emirates
29%
Qatar
24%
Singapore
24%
Belarus
19%
Armenia
14%

Score Distribution

Percentile by Number Answered

Percent of People with Each Score

Your Score History

You have not taken this quiz